Vuelve Tom /

Gorde:
Xehetasun bibliografikoak
Egile nagusia: Vega, Ana Lydia
Formatua: Texto
Gaiak:
Etiketak: Etiketa erantsi
Etiketarik gabe, Izan zaitez lehena erregistro honi etiketa jartzen!

MARC

LEADER 00000 a a2200000 04500
001 2657
003
040
100 |a Vega, Ana Lydia  
245 |a Vuelve Tom /  |c Ana Lydia Vega 
650 |a GUERRA  
773 |g volumen 42, número 225; páginas 34-35  
999 |c 26827  |d 26827